000 00302nam a22001337a 4500
008 171213b xxu||||| |||| 00| 0 eng d
020 _a9780072482768
041 _aeng
080 _24 ED
_a338
100 _a54
101 _aMEN
245 _aTRANSATIONAL MANAGEMENT
_cBARTLETT.CH
942 _2udc
_cBK
999 _c38877
_d38877